Normal view
MARC view
Entry Topical Term
001 - CONTROL NUMBER
- control field: 28858
003 - CONTROL NUMBER IDENTIFIER
- control field: OSt
005 - DATE AND TIME OF LATEST TRANSACTION
- control field: 20211217134102.0
008 - FIXED-LENGTH DATA ELEMENTS
- fixed length control field: 211217|| aca||aabn | a|a d
040 ## - CATALOGING SOURCE
- Original cataloging agency: OSt
- Transcribing agency: OSt
150 ## - HEADING--TOPICAL TERM
- Topical term or geographic name entry element: Immigration law, Asylum, Presidentialism, Administrative state, Judiciary
670 ## - SOURCE DATA FOUND
- Source citation: Work cat.: (OSt): Lens, Vicki Kanelstein, Samantha 28857, Mapping immigration policy at the southern border: An administrative and judicial analysis
